000 00819nam a2200241 a 4500
005 20191224041527.0
008 140220b1995 ck ||||| |||| 00| 0 spa d
040 _aCO-BoIAVH
_cCO-BoIAVH
041 _aspa
044 _ack
090 _aLB
_b00374
100 _aSuárez Carvajal, Martha Lucía
_97602
245 _aAspectos ecológicos y del comportamiento de los delfines Tursiops truncatus (Montagu, 1821) y Stenella attenuata (Gray, 1846) en el Parque Nacional Utría, Chocó, Colombia
260 _aBogotá
_bUniversidad Nacional de Colombia
_c1995
300 _a113 p.
650 _aEcología de poblaciones
_93557
650 _aDelfines
_942652
650 _aGeomorfologia
_942653
650 _aAspectos Oceanográficos
_942654
650 _aClima
_942655
662 _aColombia
_bChocó
942 _cINFORME
_2z
999 _c393
_d393